| 000 | 02526cam a22005774i 4500 | ||
|---|---|---|---|
| 003 | PE-LiUPU | ||
| 005 | 20250731165612.0 | ||
| 008 | 150706s2010 sp rb 000 0 d | ||
| 020 | _a9789871432486 | ||
| 035 | _a(Sirsi) i9789871432486 | ||
| 040 |
_aPE-LiUPU _bspa _cPE-LiUPU _erda |
||
| 049 | _aPRUA | ||
| 082 | 0 | 4 |
_a001.42 _bF32 _221 |
| 082 | 0 | 4 |
_a001.42 _bF39 2010 |
| 100 | 1 |
_aFerreyra, Adriana, _eautor. |
|
| 245 | 1 | 0 |
_aMetodología de la investigación I / _cAdriana Ferreyra y Ana Lía De Longhi. |
| 264 | 1 |
_aCórdova : _bEncuentro Grupo Editor, _c2010. |
|
| 300 |
_a126 páginas ; _c25 cm. |
||
| 336 |
_atext _2rdacontent |
||
| 337 |
_aunmediated _2rdamedia |
||
| 338 |
_avolume _2rdacarrier |
||
| 504 | _aBibliografía : página 123. | ||
| 505 | 0 | _a¿Qué significa Investigar?, ¿Cómo puede caracterizare la investigación científica? -- ¿A qué llamamos investigación educativa? -- ¿Cómo comenzar una investigación Educativa? ,¿Qué preguntas la orientan?, ¿Qué aspectos condicionan? -- ¿Qué tipos de diseños de investigación se pueden plantear? -- ¿Qué alternativas pueden plantearse para delimitar los proyectos de investigación educativa?. | |
| 526 | _aSEG44 | ||
| 526 | _aSEG26 | ||
| 526 | _aP151 | ||
| 526 | _aP150 | ||
| 526 | _aP149 | ||
| 526 | _aP146 | ||
| 526 | _aP145 | ||
| 526 | _aP126 | ||
| 526 | _aP125 | ||
| 526 | _aP92 | ||
| 526 | _aP75 | ||
| 526 | _aP74 | ||
| 526 | _aP27 | ||
| 526 | _aP15 | ||
| 541 | _g030-0010717; | ||
| 650 | 0 | 4 |
_aInvestigación _vMetodología. |
| 700 | 1 |
_aDe Longhi, Ana Lia, _eautor. |
|
| 910 |
_agl _bjv _cng _d20111212 |
||
| 910 |
_btqv _cwelc _d20160711 |
||
| 942 |
_2ddc _cBOOK |
||
| 949 |
_a001.42 F32 1 _wDEWEY _c1 _i64215 _lCCODEBUL1 _mBUL _p21.00 _r0 _sY _tBOOK _u2015-7-6 _xFCE _PP04 _o.STAFF. Colección General |
||
| 949 |
_a001.42 F39 2010 _wDEWEY _c1 _iFJ00794 _lCCODEBUJ1 _mBUJ _p12.88 _r0 _sY _tBOOK _u2016-07-11 _xFCE _PP08 _0COMPRA _o.STAFF. Colección General Juliaca |
||
| 994 |
_aC0 _bPEPRU |
||
| 596 | _a1 3 | ||
| 999 |
_a001.42 F32 1 _wDEWEY _c53039 _i64215 _f2021-11-4 _g6 _lCCODEBUL1 _mBUL _p21.00 _r0 _sY _tBOOK _u2015-7-6 _xBIBLIOTECA _PP04 _0COMPRA _o.STAFF. Colección General _d53039 |
||
| 999 |
_a001.42 F39 2010 _wDEWEY _c1 _iFJ00794 _d2018-11-8 _e2017-9-13 _f2021-12-27 _g4 _lCCODEBUJ1 _mBUJ _n2 _p12.88 _q1 _r0 _sY _tBOOK _u2016-7-11 _xFCE _PP08 _0COMPRA _o.STAFF. Colección General Juliaca |
||
| 980 |
_81 _gALBERTO SANCHEZ Responsable de Automatización |
||